Quizzes
Events
Quiz Creation
Community
Videos
Private Events
Remove Ads
Sign In
Join for FREE
Feedback
Dark Mode
Quiz Categories
Sports
Geography
Music
Movies
Television
Just For Fun
Miscellaneous
History
Literature
Language
Science
Gaming
Entertainment
Religion
Holiday
For Kids
Quiz Lab
Recent
Popular Today
Quiz Kudos Today
Editor Picks
Curator Picks
Quizzes by...
Day
Popularity
Type
Ratings
Length
Year
Community
Subscriptions
Recent Discussions
Orange Saloon
Badges
Playlists
Quests
Create
Leaderboards
Showdown
Live 5
Trivia Bingo
Activity
Puzzle Library
Sporcle Events
Private Events
Virtual Trivia
Globe League
Become a Host
Pub Owners
SporcleCon
Opinionation
Our Games
Videos
Blog
Mobile Apps
Partnerships
Remove Ads and Go Orange
Feedback
Gaming
Video Games
Board Games
Card Games
Pokémon
Mario
Nintendo
Minecraft
Console
Toys
Legend of Zelda
Gaming
Video Games
Board Games
Card Games
Pokémon
Mario
Nintendo
Minecraft
Console
Toys
Legend of Zelda
Random Quiz
Search Sporcle
×
Quiz Lab
Quiz Lab
Gaming
Character
Type in answers that appear in a list
Type in answers that appear in a list
Classic
Best Score? Go Orange.
Villains and Heroes of the King's Quest series Stats
Can you name the villains and heroes of the King's Quest games?
By
TribePride
8m
14 Questions
170 Plays
170 Plays
170 Plays
Comments
Comments
Give Quiz Kudos
Give Quiz Kudos
-
- Ratings
hide this ad
Replay
Link that replays current quiz
Next Quiz
Link to next quiz in quiz playlist
You Got
0%
They Got
Avg Score
58%
Avg Friend Score
Upgrade to see
Score Distribution
Jump to the score distribution portion of the page
Score
0/14
Timer
08:00
0
Plays Today
Prone to...
Character
% Correct
Saving assorted strangers, maidens, realms, family members, animals, insects, and vegetation -
all while wearing a jaunty cap
King Graham
83.5%
Kidnapping baby boys for use as slaves
Manannan
79.4%
Wearing scarves and saying 'Zounds!'
Prince Alexander
77.6%
Helping dead people
Princess Rosella
71.2%
Crying at the sight of a hair comb
Queen Valanice
70.6%
Kidnapping grown women for use as slaves
Mordack
68.2%
Being enslaved without knowing his true destiny as a scarf-
wearer
Gwydion
62.4%
Prone to...
Character
% Correct
Stealing canaries and locking people away in a rainbow fantasy land
Hagatha
59.4%
Kidnapping baby boys for use as green-
skinned fake sons
Lolotte
58.2%
Murder, treason, imprisonment, and fake-
marrying a genie
Abdul Alhazred
52.4%
Speaking in stilted English and being a lame commoner
Connor
51.8%
Creating maniacal plans to destroy the world via volcano
Malicia
47.1%
Terrorizing Daventry from her home base in a gingerbread house
Dahlia
24.1%
Breaking magical masks and not being remembered by anyone
Lucreto
18.2%
Quiz Playlist
Details
Report
Send in Message
Add To Playlist
Classic:
Type in answers that appear in a list
Last Updated: Jun 24, 2017
Quiz Scoreboard
CHALLENGE
Sign Up to Join the Scoreboard
Show All
Scores
Hide
Comments
May contain spoilers
Recently Published
Click the 1999 NBA Draft
by nibperrychub
Sports
2m
Alphabetical 'K' Countries by Flag Minefield
by ylime102
Geography
3m
Pick 6: Fruits
by JohnFran
Miscellaneous
15s
More to Explore
Quiz From the Vault
Featured Blog Post
15 Basketball Trivia Facts You Can Be March Mad About
hide this ad
You Might Also Like...
Tags
Character
Here
King
King Quest
prone
Quest
Villains
Today's Top Quizzes in Gaming
Browse Gaming
hide this ad
Today's Top Quizzes in Character
Browse Character
Top Contributed Quizzes in Gaming
1
Pokémon Gen IV Logic Puzzle (HARD)
2
HARD Pokemon Logic Puzzle
3
Honkai: Star Rail Technique Names Quiz
4
Order Genshin Impact characters by release date!
5
Genshin Impact Logic Puzzle
6
Magic: the Gathering Set Symbols - LCI
7
Genshin Impact Logic Puzzle Quiz
8
Rainbow Six Siege Operators by Picture
9
Wii Remote Buttons
10
Genshin Impact Logic Puzzle Quiz II
Explore More
Trending Topics
Crossword
Harry Potter
NBA
Disney
Kpop
Anime
Marvel
Country
Puzzle
The Office
Song
Soccer
WWE
NFL
Pokémon
hide this ad
More By:
TribePride
Quiz
Plays
Rating
Category
Featured
Created
Villains and Heroes of the King's Quest series
170
3.00
Gaming
May 10, 2011
King's Quest Game Titles
56
5.00
Gaming
Jul 5, 2010
Go to Creator's Profile
Score Distribution
Quiz Creator Spotlight
TribePride
Follow
Send a Message
Quizzes Created
-
Created Quiz Play Count
-
More By This Creator
Popular Quizzes Today
1
Countries of Asia Without Outlines Minefield
2
Find the US States - No Outlines Minefield
3
Pick 6: Fruits
4
Alphabetical 'K' Countries by Flag Minefield
5
The Countries of the World
6
Find the Countries of Europe - No Outlines Minefield
7
Find the US States
8
US States
More Gaming Quizzes
Games By Box Contents
Published
Trending Quizzes
Pick 6: Mountains
Pick 6: Harry Potter
Pick 6: Flags
Pick 6: NFL Teams
Pick 6: Movie Franchises
Recently Updated
NWSL Teams
pecheneg
Women's Final Four Teams by Year
bhenderson79
Presidents Quartet II
eogle
Anything But Clue(do)
eogle
Anything But Oceanian Capitals
eogle
Anything But 7
eogle
Anything But Thing
eogle
Word Ladder: February 29
pecheneg
Song Title Questions
pecheneg
Women's NCAA Tournament #1 Seeds
pecheneg
Trending Topics
NBA
Anime
Disney
Marvel
Harry Potter
Crossword
Kpop
The Office
Soccer
Song
NFL
WWE
Puzzle
Pokémon
Country
Your Account Isn't Verified!
In order to create a playlist on Sporcle, you need to verify the email address you used during registration. Go to your
Sporcle Settings
to finish the process.
Report this User
Report this user for behavior that violates our
Community Guidelines
.
Details:
Send Report
Go to the Sporcle.com Mobile Site →
Comments